Statistics for Philadelphia 76ers Playoffs Starters

Click here to take the quiz!

General Stats

  • This quiz has been taken 190 times
    (68 since last reset)
  • The average score is 30 of 96

Answer Stats

Player% Correct
Joel Embiid
100%
Ben Simmons
98%
James Harden
98%
Allen Iverson
93%
Tobias Harris
90%
Tyrese Maxey
88%
Julius Erving
83%
Dikembe Mutombo
78%
Moses Malone
78%
P.J. Tucker
76%
Wilt Chamberlain
73%
Andre Iguodala
71%
Charles Barkley
71%
Jimmy Butler
66%
Hal Greer
61%
Dolph Schayes
59%
Maurice Cheeks
59%
Seth Curry
59%
Jrue Holiday
56%
Bobby Jones
54%
Caldwell Jones
54%
Jumaine Jones
54%
Wali Jones
54%
Robert Covington
51%
Billy Cunningham
49%
Danny Green
49%
J.J. Redick
49%
Rickey Green
49%
Willie Green
49%
Thaddeus Young
41%
Derek Smith
39%
Elton Brand
39%
Eric Snow
39%
Luke Jackson
39%
Dario Šarić
37%
Shake Milton
37%
Tyrone Hill
37%
Aaron McKie
34%
Al Horford
34%
Darryl Dawkins
34%
Fred Carter
34%
Johnny Dawkins
34%
Josh Richardson
34%
Theo Ratliff
34%
Doug Collins
32%
Hersey Hawkins
32%
Andrew Toney
29%
Chris Webber
29%
Red Kerr
24%
Samuel Dalembert
24%
Chet Walker
22%
Evan Turner
22%
Andre Miller
20%
George McGinnis
20%
Spencer Hawes
20%
Derrick Coleman
17%
Kenny Thomas
17%
Cliff Robinson
15%
Keith Van Horn
15%
Steve Mix
15%
George King
12%
Kyle Korver
12%
Larry Costello
12%
Paul Seymour
12%
Archie Clark
10%
Lionel Hollins
10%
Mike Gminski
10%
Darrall Imhoff
7%
George Lynch
7%
Matt Geiger
7%
Rick Mahorn
7%
Bob Harrison
5%
Earl Lloyd
5%
George Yardley
5%
Greg Stokes
5%
Henry Bibby
5%
Jodie Meeks
5%
Red Rocha
5%
Al Bianchi
2%
Al Cervi
2%
Alex Hannum
2%
Armen Gilliam
2%
Dave Gambee
2%
Harvey Catchings
2%
Jim Washington
2%
Lee Shaffer
2%
Matt Harpring
2%
Tim McCormick
2%
Dick Barnett
0%
Ed Conlin
0%
Fred Scolari
0%
George Ratkovicz
0%
Johnny Macknowski
0%
Paul Neumann
0%
Terry Catledge
0%
Wally Osterkorn
0%

Score Distribution

Percentile by Number Answered

Percent of People with Each Score

Your Score History

You have not taken this quiz since the last reset